Comuni della Provincia di Lucca - Statistics

Statistiche generali
  • Questo quiz è stato fatto 58 volte
  • Il punteggio medio è 24 su 33
Statistiche sulle risposte
Comune % Corretto
Forte dei Marmi
100%
Lucca
100%
Viareggio
97%
Camaiore
95%
Capannori
92%
Altopascio
89%
Pietrasanta
89%
Bagni di Lucca
87%
Massarosa
84%
Castelnuovo di Garfagnana
82%
Porcari
82%
Barga
79%
Borgo a Mozzano
76%
Gallicano
76%
Seravezza
76%
Stazzema
74%
Careggine
71%
Minucciano
71%
Pescaglia
68%
Piazza al Serchio
68%
Castiglione di Garfagnana
66%
Montecarlo
66%
Fabbriche di Vergemoli
63%
Vagli Sotto
63%
Coreglia Antelminelli
61%
Pieve Fosciana
61%
San Romano in Garfagnana
61%
Villa Basilica
61%
Camporgiano
58%
Sillano Giuncugnano
58%
Villa Collemandina
58%
Fosciandora
55%
Molazzana
53%
Nessun quiz corrispondente trovato
Distribuzione punteggi
Percentuale di utenti per punteggio
Percentile per numero di risposta
I tuoi punteggi nel tempo
Non hai fatto questo quiz